=LDR 00000nam 2200000 4500 =001 INLIS000000000031226 =005 20130612133318 =008 ***********************************Ind** =035 ##$$0010-061300000031226 =041 ##$$a Ind =082 ##$$a 612.33 =090 ##$$a 612.33, Bat a =100 ##$$a Batticaca, Fransisca B =245 ##$$a Asuhan keperawatan pada klien dengn gangguan metabolisme, Fransisca B Batticaca; editor Aulia Noulanty =260 ##$$a 2009 $b Jakarta =300 ##$$a viii, 140 hlm, ilus, 21 cm =650 ##$$a Metabolisme =850 ##$$a NBPNMAT =990 ##$$a 0001/BPAP-NTB/20142015 =990 ##$$a 21601158/BPAP-NTB/2017 =990 ##$$a 3117631176 =990 ##$$a 20903427 =990 ##$$a 0001/BPAP-NTB/20142015 =990 ##$$a 21601158/BPAP-NTB/2017 =990 ##$$a 20903428 =990 ##$$a 0001/BPAP-NTB/20142015 =990 ##$$a 20903427